| 000 | 00575nam a2200157 i 4500 | ||
|---|---|---|---|
| 001 | 31098 | ||
| 003 | ES-MaACL | ||
| 007 | t| | ||
| 008 | 030128s1862 fr ||||1| fre d | ||
| 100 | 1 |
_aBazin, Antoine-Pierre Ernest. _926746 |
|
| 245 | 1 | 0 |
_aLeçons théoriques et cliniques sur les affections cutanées parasitaires / _cprofesses par Antoine-Pierre Ernest Bazin ; redigée et publiées par Alfred Pouquet. |
| 250 | _a2eme ed. | ||
| 260 |
_aParís : _b[s.n., _c1862] |
||
| 700 | 1 |
_aPouquet, Alfred. _993457 |
|
| 852 |
_aES-MaACL _jG-14082(4) _q. - Encuadernado con otras obras |
||
| 999 |
_c31098 _d31098 |
||